Datum a čas kvízu
21
Celkem bodů
Celkový počet nahraných bodů na tomto kvízu bez doplňovacích otázek.
11.
Pořadí na kvízu
Konečné umístění týmu na tomto kvízu.
Zaznamenané odpovědi
| # | Otázka | Odpověď | Body | Výsledky |
|---|---|---|---|---|
| 1. | Vláda na svém středečním jedná... | 0 | ||
| 2. | Jisté domácí zvíře má raději l... | 0 | ||
| 3. | Zpěvák Janek Ledecký, moderáto... | 1 | ||
| 4. | Evropská organizace pro jadern... | 1 | ||
| 5. | Jak se jmenuje česká sportovky... | 1 | ||
| 6. | Rodné číslo je jednoznačný čís... | 1 | ||
| 7. | Historie přidělování rodných č... | 0 | ||
| 8. | Která z uvedených kombinací NE... | 1 | ||
| 9. | Změna rodného čísla během živo... | 1 | ||
| 10. | S rodnými čísly souvisí i obča... | 1 |